[Event "25th Abu Dhabi Master 2018"]
[Site "Abu Dhabi"]
[Date "2018.08.12"]
[Round "6"]
[White "Short, Nigel D"]
[Black "G, Akash"]
[Result "1/2-1/2"]
[WhiteElo "2659"]
[BlackElo "2410"]
[Annotator "TA"]
[PlyCount "75"]
[EventDate "2018.08.05"]
[EventType "swiss"]
[EventCountry "UAE"]
[SourceTitle "playchess.com"]
[Source "ChessBase"]
[SourceQuality "1"]

1. e4 e5 2. Nf3 Nc6 3. Bb5 a6 4. Ba4 Nf6 5. O-O Be7 6. Re1 b5 7. Bb3 d6 8. c3 O-O 9. d4 Bg4 10. Be3 exd4 11. cxd4 d5 12. e5 Ne4 13. h3 Bh5 14. Nc3 Nxc3 15. bxc3 Na5 16. Bf4 Nxb3 17. axb3 a5 18. Qe2 Qd7 19. g4 Bg6 20. e6 fxe6 21. Ne5 Qe8 22. Nxg6 Qxg6 23. Bxc7 Bh4 24. Qxe6+ Qxe6 25. Rxe6 Rxf2 26. Bxa5 Rf3 27. Re5 Raf8 28. Ra2 Rg3+ 29. Rg2 Rd3 30. Rxd5 Rd1+ 31. Kh2 Rff1 32. Re2 Rg1 33. Bc7 Rdf1 34. Rxb5 Rh1+ 35. Kg2 Rhg1+ 36. Kh2 Rh1+ 37. Kg2 Rhg1+ 38. Kh2 1/2-1/2

[Event "25th Abu Dhabi Master 2018"]
[Site "Abu Dhabi"]
[Date "2018.08.12"]
[Round "6"]
[White "Kravtsiv, Martyn"]
[Black "Salem, A.R. Saleh"]
[Result "1/2-1/2"]
[WhiteElo "2654"]
[BlackElo "2636"]
[Annotator "TA"]
[PlyCount "40"]
[EventDate "2018.08.05"]
[EventType "swiss"]
[EventCountry "UAE"]
[SourceTitle "playchess.com"]
[Source "ChessBase"]
[SourceQuality "1"]

1. d4 Nf6 2. Bf4 g6 3. Nc3 d5 4. e3 Bg7 5. h4 h5 6. Nf3 O-O 7. Qd2 c5 8. Ne5 Nc6 9. f3 Nd7 10. Nxd5 cxd4 11. exd4 Ndb8 12. Nb4 Nxd4 13. O-O-O a5 14. Qxd4 Qxd4 15. Rxd4 axb4 16. Rxb4 Rxa2 17. Kb1 Ra5 18. Nc4 Nc6 19. Nxa5 Nxb4 20. Bd2 Nc6 1/2-1/2

[Event "25th Abu Dhabi Master 2018"]
[Site "Abu Dhabi"]
[Date "2018.08.12"]
[Round "6"]
[White "Maghsoodloo, Parham"]
[Black "Vishnu, Prasanna V"]
[Result "1-0"]
[WhiteElo "2636"]
[BlackElo "2517"]
[Annotator "TA"]
[PlyCount "99"]
[EventDate "2018.08.05"]
[EventType "swiss"]
[EventCountry "UAE"]
[SourceTitle "playchess.com"]
[Source "ChessBase"]
[SourceQuality "1"]

1. Nf3 Nf6 2. e3 d5 3. b3 g6 4. c4 Bg7 5. Bb2 dxc4 6. bxc4 c5 7. Be2 O-O 8. O-O Nc6 9. Ne5 Bd7 10. Nxd7 Qxd7 11. Nc3 Rfd8 12. Qb3 Na5 13. Qa3 b6 14. Rad1 Ne8 15. Ba1 Nd6 16. d3 e6 17. Rb1 Qe7 18. Qc1 Rd7 19. Rd1 Rad8 20. Qc2 h5 21. Bf3 Rc8 22. Qa4 Qd8 23. Bb2 Nf5 24. Qc2 Nd6 25. Rbc1 Nc6 26. Qb1 Qh4 27. g3 Qg5 28. Bg2 h4 29. Qc2 Qh5 30. Kf1 hxg3 31. hxg3 Nb4 32. Qb1 Ne8 33. a3 Nc6 34. Qc2 Nf6 35. Ne2 Ng4 36. Bxg7 Kxg7 37. Nf4 Nh2+ 38. Ke1 Qg4 39. Qb2+ Kg8 40. Kd2 Nf3+ 41. Kc2 Nfe5 42. Rh1 Qf5 43. Kb1 Qf6 44. Be4 Kf8 45. Rh7 Ke7 46. Rch1 Kd6 47. Rc1 Ng4 48. Qe2 Qg5 49. Nh3 Qe5 50. f4 1-0

[Event "25th Abu Dhabi Master 2018"]
[Site "Abu Dhabi"]
[Date "2018.08.12"]
[Round "6"]
[White "Adly, Ahmed"]
[Black "Erigaisi, Arjun"]
[Result "1/2-1/2"]
[WhiteElo "2634"]
[BlackElo "2517"]
[Annotator "TA"]
[PlyCount "95"]
[EventDate "2018.08.05"]
[EventType "swiss"]
[EventCountry "UAE"]
[SourceTitle "playchess.com"]
[Source "ChessBase"]
[SourceQuality "1"]

1. d4 d5 2. Nf3 Nf6 3. c4 c6 4. Nc3 e6 5. e3 Nbd7 6. Qc2 Bd6 7. b3 O-O 8. Bb2 e5 9. cxd5 cxd5 10. dxe5 Nxe5 11. Be2 Nxf3+ 12. Bxf3 d4 13. exd4 Re8+ 14. Kf1 Qa5 15. Qd1 Bd7 16. a3 Rac8 17. b4 Qf5 18. h3 h5 19. Kg1 a5 20. Bxb7 Rb8 21. Ba6 axb4 22. axb4 Bxb4 23. Bd3 Qf4 24. Ne2 Qc7 25. Qc1 Qb7 26. Ba3 Bxa3 27. Rxa3 Bc6 28. Kh2 Bxg2 29. Rg1 Be4 30. Qg5 Qc7+ 31. Nf4 Bg6 32. Bxg6 fxg6 33. Rf3 Rf8 34. Kh1 Qb7 35. Qg2 Ne4 36. d5 g5 37. Ng6 Rxf3 38. Qxf3 Re8 39. d6 Nxf2+ 40. Kg2 Qxf3+ 41. Kxf3 Nxh3 42. Rd1 g4+ 43. Kg3 Kf7 44. Ne5+ Ke6 45. Nxg4 hxg4 46. Re1+ Kd7 47. Rxe8 Kxe8 48. Kxg4 1/2-1/2

[Event "25th Abu Dhabi Master 2018"]
[Site "Abu Dhabi"]
[Date "2018.08.12"]
[Round "6"]
[White "Vocaturo, Daniele"]
[Black "Rapport, Richard"]
[Result "1/2-1/2"]
[WhiteElo "2617"]
[BlackElo "2719"]
[Annotator "TA"]
[PlyCount "43"]
[EventDate "2018.08.05"]
[EventType "swiss"]
[EventCountry "UAE"]
[SourceTitle "playchess.com"]
[Source "ChessBase"]
[SourceQuality "1"]

1. d4 Nf6 2. c4 e6 3. Nc3 Bb4 4. Nf3 d6 5. Qc2 Nbd7 6. g3 b6 7. Bg2 Bb7 8. O-O Bxc3 9. Qxc3 O-O 10. b3 Re8 11. Bb2 h6 12. Rad1 Be4 13. Ne1 Bxg2 14. Nxg2 c6 15. Rfe1 d5 16. cxd5 cxd5 17. Rc1 Qc8 18. Qd3 Qb7 19. Rc2 Rac8 20. Rec1 Nb8 21. Ne1 Rc6 22. Rxc6 1/2-1/2

[Event "25th Abu Dhabi Master 2018"]
[Site "Abu Dhabi"]
[Date "2018.08.12"]
[Round "6"]
[White "Petrosian, Tigran L"]
[Black "Kuybokarov, Temur"]
[Result "1/2-1/2"]
[WhiteElo "2610"]
[BlackElo "2499"]
[Annotator "TA"]
[PlyCount "78"]
[EventDate "2018.08.05"]
[EventType "swiss"]
[EventCountry "UAE"]
[SourceTitle "playchess.com"]
[Source "ChessBase"]
[SourceQuality "1"]

1. Nf3 d5 2. g3 Nc6 3. d4 Bf5 4. Bg2 e6 5. O-O Nb4 6. Na3 h6 7. Bf4 g5 8. Bd2 Nc6 9. c4 Bg7 10. Bc3 Be4 11. Qb3 Rb8 12. Rad1 Nge7 13. Ne5 Bxg2 14. Kxg2 O-O 15. e3 Nxe5 16. dxe5 c5 17. cxd5 exd5 18. Nb5 a6 19. Nd6 b5 20. Ne4 b4 21. Nf6+ Bxf6 22. exf6 bxc3 23. fxe7 Qxe7 24. Qxc3 d4 25. exd4 cxd4 26. Qc6 Qb7 27. Qxb7 Rxb7 28. b3 Rd8 29. Rc1 a5 30. Rc4 Re7 31. Rd1 Re2 32. Ra4 Rd5 33. Kf3 Rb2 34. Ke4 Rb5 35. Rdxd4 Rxf2 36. Rd5 Rb4+ 37. Rd4 Rb5 38. Rd5 Rb4+ 39. Rd4 Rb5 1/2-1/2

[Event "25th Abu Dhabi Master 2018"]
[Site "Abu Dhabi"]
[Date "2018.08.12"]
[Round "6"]
[White "Andersen, Mads"]
[Black "Kunte, Abhijit"]
[Result "1-0"]
[WhiteElo "2601"]
[BlackElo "2485"]
[Annotator "TA"]
[PlyCount "113"]
[EventDate "2018.08.05"]
[EventType "swiss"]
[EventCountry "UAE"]
[SourceTitle "playchess.com"]
[Source "ChessBase"]
[SourceQuality "1"]

1. Nf3 Nf6 2. c4 c5 3. Nc3 e6 4. g3 b6 5. Bg2 Bb7 6. O-O Be7 7. d4 cxd4 8. Qxd4 O-O 9. Rd1 d6 10. Bg5 Nbd7 11. Nb5 d5 12. cxd5 Bxd5 13. Nc3 Bc6 14. Qc4 Rc8 15. Qa6 Nd5 16. Bxe7 Qxe7 17. Nxd5 Bxd5 18. Qxa7 Ra8 19. Qc7 Rfc8 20. Qf4 Rxa2 21. Rxa2 Bxa2 22. Qd6 Qxd6 23. Rxd6 Nf6 24. Rxb6 Rc1+ 25. Bf1 g6 26. Ne5 Ne4 27. Rc6 Ra1 28. Nd3 Bd5 29. Rc1 Ra2 30. f3 Nd2 31. Kf2 f5 32. Rc2 Nb3 33. Nb4 Ra4 34. Nxd5 exd5 35. f4 Rb4 36. Bg2 Rb5 37. Ke1 Kf7 38. Kd1 Ke6 39. Rc6+ Kd7 40. Rc3 Kd6 41. e3 Nc5 42. Kc2 Rb4 43. Bf3 h5 44. Be2 Ra4 45. Ra3 Re4 46. Bf1 d4 47. b4 Ne6 48. Ra6+ Ke7 49. exd4 Nxd4+ 50. Kc3 Nf3 51. Rxg6 Re3+ 52. Bd3 Nxh2 53. Rg5 Ng4 54. Rxf5 Nf2 55. Re5+ Rxe5 56. fxe5 Nh1 57. b5 1-0

[Event "25th Abu Dhabi Master 2018"]
[Site "Abu Dhabi"]
[Date "2018.08.12"]
[Round "6"]
[White "Tabatabai, M Amin"]
[Black "Sindarov, Javokhir"]
[Result "1-0"]
[WhiteElo "2590"]
[BlackElo "2488"]
[Annotator "TA"]
[PlyCount "87"]
[EventDate "2018.08.05"]
[EventType "swiss"]
[EventCountry "UAE"]
[SourceTitle "playchess.com"]
[Source "ChessBase"]
[SourceQuality "1"]

1. e4 e5 2. Nf3 Nc6 3. Bb5 a6 4. Ba4 Nf6 5. O-O Be7 6. Re1 b5 7. Bb3 d6 8. c3 O-O 9. d4 exd4 10. cxd4 Bg4 11. Be3 Na5 12. Bc2 Nc4 13. Bc1 c5 14. b3 Nb6 15. Nbd2 cxd4 16. h3 Bh5 17. Bb2 Rc8 18. Bxd4 Nfd7 19. a4 Bf6 20. g4 Bg6 21. axb5 axb5 22. Nf1 d5 23. Ng3 Re8 24. Ra2 Bxd4 25. Nxd4 dxe4 26. Bxe4 Nc5 27. Bf5 Rxe1+ 28. Qxe1 Nd3 29. Qe3 Nb4 30. Bxc8 N6d5 31. Nc6 Qxc8 32. Re2 Nxe3 33. Ne7+ Kf8 34. Nxc8 Ned5 35. Nd6 f6 36. Ngf5 Nf4 37. Re7 Nxh3+ 38. Kf1 Nd5 39. Rb7 Bxf5 40. Nxf5 b4 41. Nxg7 Ng5 42. Nh5 Ne4 43. Rd7 Ndc3 44. Rd4 1-0

[Event "25th Abu Dhabi Master 2018"]
[Site "Abu Dhabi"]
[Date "2018.08.12"]
[Round "6"]
[White "Pantsulaia, Levan"]
[Black "Dubov, Daniil"]
[Result "0-1"]
[WhiteElo "2587"]
[BlackElo "2691"]
[Annotator "TA"]
[PlyCount "80"]
[EventDate "2018.08.05"]
[EventType "swiss"]
[EventCountry "UAE"]
[SourceTitle "playchess.com"]
[Source "ChessBase"]
[SourceQuality "1"]

1. Nf3 Nf6 2. g3 g6 3. b3 d5 4. Bb2 c5 5. Bg2 Bg7 6. O-O Nc6 7. c4 d4 8. e3 O-O 9. exd4 Ng4 10. Na3 cxd4 11. d3 Nge5 12. Nxe5 Nxe5 13. Nc2 Bg4 14. f3 Bf5 15. Ne1 Qd7 16. g4 Be6 17. h3 f5 18. Nc2 Nc6 19. Qd2 f4 20. b4 Bf7 21. b5 Nd8 22. a4 e5 23. Ra2 Ne6 24. Na1 h5 25. Nb3 Rac8 26. Ba3 Rfe8 27. Qe1 e4 28. fxe4 hxg4 29. hxg4 Be5 30. g5 Kg7 31. Raf2 Rh8 32. Bc1 Rh4 33. Bd2 Rch8 34. Qc1 Rg4 35. Bxf4 Nxf4 36. Rxf4 Bxf4 37. Rxf4 Rxg2+ 38. Kxg2 Qh3+ 39. Kf2 Qh2+ 40. Kf1 Qg3 0-1

[Event "25th Abu Dhabi Master 2018"]
[Site "Abu Dhabi"]
[Date "2018.08.12"]
[Round "6"]
[White "Jojua, Davit"]
[Black "Iniyan, Panneerseluam"]
[Result "1/2-1/2"]
[WhiteElo "2583"]
[BlackElo "2464"]
[Annotator "TA"]
[PlyCount "37"]
[EventDate "2018.08.05"]
[EventType "swiss"]
[EventCountry "UAE"]
[SourceTitle "playchess.com"]
[Source "ChessBase"]
[SourceQuality "1"]

1. d4 Nf6 2. c4 g6 3. Nc3 Bg7 4. e4 d6 5. Nf3 O-O 6. h3 e5 7. d5 Na6 8. Bg5 h6 9. Be3 Nc5 10. Nd2 a5 11. Be2 Nh7 12. h4 h5 13. Nb3 Nd7 14. a4 b6 15. Qd2 Nb8 16. Nc1 Na6 17. Nd3 f5 18. f3 Bd7 19. b3 1/2-1/2

[Event "25th Abu Dhabi Master 2018"]
[Site "Abu Dhabi"]
[Date "2018.08.12"]
[Round "6"]
[White "Narayanan S L"]
[Black "Akopian, Vladimir Eduardovic"]
[Result "1/2-1/2"]
[WhiteElo "2574"]
[BlackElo "2655"]
[Annotator "TA"]
[PlyCount "125"]
[EventDate "2018.08.05"]
[EventType "swiss"]
[EventCountry "UAE"]
[SourceTitle "playchess.com"]
[Source "ChessBase"]
[SourceQuality "1"]

1. d4 Nf6 2. c4 e6 3. Nf3 c5 4. d5 d6 5. Nc3 exd5 6. cxd5 g6 7. Bf4 Bg7 8. e3 O-O 9. h3 Na6 10. Bc4 Nc7 11. O-O a6 12. a4 Rb8 13. a5 b5 14. axb6 Rxb6 15. Qc2 Rb4 16. Nd2 Bb7 17. e4 Nb5 18. Ra2 Re8 19. Qd3 Qb6 20. Be3 Nd7 21. f4 f5 22. Bf2 Nd4 23. b3 g5 24. fxg5 f4 25. Bxd4 Bxd4+ 26. Kh1 Ne5 27. Qc2 Qd8 28. Ne2 Be3 29. Nxf4 Bxf4 30. Rxf4 Qxg5 31. Rf5 Qe3 32. Bxa6 Bxa6 33. Rxa6 Qe2 34. Ra2 Rd4 35. Nf1 Qxc2 36. Rxc2 Rxe4 37. Ng3 Re3 38. Nh5 Rf8 39. Nf6+ Kh8 40. Ra2 Nd7 41. Raf2 Rxf6 42. Rxf6 Nxf6 43. Rxf6 Rxb3 44. Rxd6 Rd3 45. Kg1 c4 46. Rc6 Rxd5 47. Rxc4 Kg7 48. Kf2 h6 49. Kf3 Rd2 50. h4 h5 51. g3 Rd6 52. Rc5 Kg6 53. Ke4 Re6+ 54. Re5 Ra6 55. Rg5+ Kh6 56. Rd5 Rg6 57. Rd3 Rg4+ 58. Kf3 Ra4 59. Rd6+ Kg7 60. Re6 Rb4 61. Re4 Rb3+ 62. Kf4 Kf6 63. Ra4 1/2-1/2

[Event "25th Abu Dhabi Master 2018"]
[Site "Abu Dhabi"]
[Date "2018.08.12"]
[Round "6"]
[White "Yuffa, Daniil"]
[Black "Dimakiling, Oliver"]
[Result "1-0"]
[WhiteElo "2570"]
[BlackElo "2401"]
[Annotator "TA"]
[PlyCount "93"]
[EventDate "2018.08.05"]
[EventType "swiss"]
[EventCountry "UAE"]
[SourceTitle "playchess.com"]
[Source "ChessBase"]
[SourceQuality "1"]

1. d4 Nf6 2. c4 d6 3. Nf3 Bg4 4. Nc3 Nbd7 5. g3 e5 6. Bg2 c6 7. O-O Be7 8. h3 Bh5 9. Nh4 O-O 10. Nf5 Re8 11. Nxe7+ Qxe7 12. Be3 h6 13. Qb3 Nf8 14. Rfd1 e4 15. Qa3 a6 16. d5 c5 17. b4 b6 18. Rab1 Qc7 19. bxc5 bxc5 20. Rb3 N8d7 21. Rdb1 Ra7 22. Qa4 g5 23. Bd2 Kg7 24. g4 Bg6 25. Nd1 Ne5 26. Ne3 h5 27. gxh5 Bxh5 28. Nf5+ Kg6 29. Rg3 g4 30. hxg4 Bxg4 31. f3 Rb8 32. Rf1 Kxf5 33. fxg4+ Kg6 34. g5 Nfd7 35. Qc2 Kg7 36. Qxe4 Rh8 37. Bc3 Qd8 38. Rgf3 Qxg5 39. Rxf7+ Kg8 40. Bxe5 dxe5 41. d6 Rh4 42. Qf5 Qxf5 43. R1xf5 e4 44. Kf2 Rg4 45. Re7 Rg6 46. Bxe4 Nf6 47. Bd5+ 1-0

[Event "25th Abu Dhabi Master 2018"]
[Site "Abu Dhabi"]
[Date "2018.08.12"]
[Round "6"]
[White "Nihal Sarin"]
[Black "Parligras, Mircea Emilian"]
[Result "1-0"]
[WhiteElo "2556"]
[BlackElo "2645"]
[Annotator "TA"]
[PlyCount "133"]
[EventDate "2018.08.05"]
[EventType "swiss"]
[EventCountry "UAE"]
[SourceTitle "playchess.com"]
[Source "ChessBase"]
[SourceQuality "1"]

1. d4 Nf6 2. c4 e6 3. Nf3 d5 4. Nc3 Nbd7 5. cxd5 exd5 6. Bg5 c6 7. Qc2 Be7 8. e3 Nh5 9. Bxe7 Qxe7 10. Rb1 g6 11. Be2 Nb6 12. O-O Bf5 13. Bd3 Bxd3 14. Qxd3 O-O 15. b4 a6 16. Nd2 f5 17. a4 f4 18. e4 dxe4 19. Ncxe4 Nd5 20. Rfe1 Rae8 21. Nf3 Qc7 22. b5 axb5 23. axb5 Nhf6 24. Nxf6+ Nxf6 25. Rec1 Qd6 26. bxc6 bxc6 27. Qc4+ Qd5 28. Qxc6 Qxc6 29. Rxc6 Rc8 30. Rxc8 Rxc8 31. h3 h6 32. Nh4 Rd8 33. Nxg6 Rxd4 34. Ne7+ Kh7 35. Rb7 Rd1+ 36. Kh2 Nh5 37. Nf5+ Kg6 38. Nh4+ Kg5 39. Nf3+ Kf6 40. Rb6+ Kg7 41. Ne5 Nf6 42. Rb7+ Kg8 43. Ng4 Nxg4+ 44. hxg4 Rd6 45. f3 Rd4 46. Re7 Rd6 47. Re4 Rf6 48. Kh3 Kg7 49. Kh4 Kg6 50. Rb4 Kg7 51. Kh5 Ra6 52. Rxf4 Ra2 53. Rb4 Rxg2 54. Rb7+ Kf6 55. Rb6+ Kg7 56. Rg6+ Kf7 57. Kxh6 Rf2 58. Rg7+ Kf8 59. Ra7 Rxf3 60. g5 Rg3 61. Kg6 Rg1 62. Ra8+ Ke7 63. Rg8 Rg2 64. Kh7 Kf7 65. g6+ Kf6 66. Rf8+ Ke7 67. g7 1-0

[Event "25th Abu Dhabi Master 2018"]
[Site "Abu Dhabi"]
[Date "2018.08.12"]
[Round "6"]
[White "Abdusattorov, Nodirbek"]
[Black "Nguyen, Anh Khoi"]
[Result "1-0"]
[WhiteElo "2539"]
[BlackElo "2454"]
[Annotator "TA"]
[PlyCount "77"]
[EventDate "2018.08.05"]
[EventType "swiss"]
[EventCountry "UAE"]
[SourceTitle "playchess.com"]
[Source "ChessBase"]
[SourceQuality "1"]

1. e4 c5 2. Nf3 d6 3. Bb5+ Nd7 4. c3 Ngf6 5. Qe2 a6 6. Ba4 e6 7. O-O Be7 8. d4 O-O 9. Bc2 Qc7 10. a4 b6 11. e5 Nd5 12. Bg5 dxe5 13. Bxe7 Nxe7 14. dxe5 Ng6 15. Re1 Bb7 16. Nbd2 Rfd8 17. Rad1 Ndf8 18. h4 h6 19. h5 Ne7 20. Ne4 Nd5 21. Nd6 Bc6 22. Nh4 Qe7 23. g3 Ra7 24. Rd2 Qg5 25. Ng2 f5 26. Kh2 f4 27. Ne4 fxg3+ 28. fxg3 Qxe5 29. c4 Re8 30. cxd5 exd5 31. Nf2 Qg5 32. Qd1 Rxe1 33. Nxe1 Re7 34. Ng2 Re5 35. Nh3 Qe7 36. Nhf4 d4 37. Rf2 b5 38. Nh4 Re1 39. Nfg6 1-0

[Event "25th Abu Dhabi Master 2018"]
[Site "Abu Dhabi"]
[Date "2018.08.12"]
[Round "6"]
[White "Kadric, Denis"]
[Black "Muthaiah, Al"]
[Result "1-0"]
[WhiteElo "2537"]
[BlackElo "2391"]
[Annotator "TA"]
[PlyCount "57"]
[EventDate "2018.08.05"]
[EventType "swiss"]
[EventCountry "UAE"]
[SourceTitle "playchess.com"]
[Source "ChessBase"]
[SourceQuality "1"]

1. e4 c5 2. Nc3 a6 3. Nf3 e6 4. d4 cxd4 5. Nxd4 Qc7 6. Bd3 Nf6 7. O-O Bc5 8. Nb3 Be7 9. f4 d6 10. e5 dxe5 11. fxe5 Nfd7 12. Qg4 g6 13. Bh6 Nxe5 14. Qg3 Nbc6 15. Be4 Qb8 16. Bf4 f6 17. Bxc6+ bxc6 18. Ne4 O-O 19. Rae1 Qa7+ 20. Kh1 Nc4 21. Bh6 Rf7 22. Qc3 Ne5 23. Bf4 Nd7 24. Bd6 f5 25. Bxe7 Rxe7 26. Na5 Nb8 27. Nf6+ Kf8 28. Nc4 Rf7 29. Nd6 1-0

[Event "25th Abu Dhabi Master 2018"]
[Site "Abu Dhabi"]
[Date "2018.08.12"]
[Round "6"]
[White "Shyam, Sundar M."]
[Black "Pranav, Anand"]
[Result "0-1"]
[WhiteElo "2527"]
[BlackElo "2260"]
[Annotator "TA"]
[PlyCount "144"]
[EventDate "2018.08.05"]
[EventType "swiss"]
[EventCountry "UAE"]
[SourceTitle "playchess.com"]
[Source "ChessBase"]
[SourceQuality "1"]

1. e4 e5 2. Nf3 Nc6 3. Bb5 a6 4. Ba4 Nf6 5. Qe2 Be7 6. c3 b5 7. Bb3 O-O 8. d4 d6 9. Nbd2 Re8 10. Ng5 Rf8 11. dxe5 dxe5 12. Nf1 h6 13. Nf3 Na5 14. Bc2 Bd6 15. Ng3 Nc6 16. O-O Be6 17. Bb3 Ne7 18. Rd1 Qb8 19. Bxe6 fxe6 20. Qc2 Ng6 21. c4 Qb6 22. cxb5 Qxb5 23. a4 Qb7 24. Qc4 Rfe8 25. h3 Rab8 26. Bd2 Kh8 27. Bc3 Nd7 28. Nh5 Nc5 29. Nd2 Nd7 30. Qe2 Nf6 31. Nxf6 gxf6 32. Nc4 Nf4 33. Qf3 Rg8 34. g3 Nxh3+ 35. Kf1 Ng5 36. Qh5 Kh7 37. Nxd6 cxd6 38. Rxd6 Nxe4 39. Rxe6 Rg5 40. Qh4 Rd8 41. Re7+ Qxe7 42. Qxe4+ Kg7 43. Re1 Qe6 44. Kg1 Qd5 45. Qxd5 Rxd5 46. Re4 h5 47. Rc4 Rg4 48. Rc7+ Kg6 49. Rc6 Rxa4 50. f4 Kf5 51. fxe5 fxe5 52. Rh6 Kg5 53. Re6 e4 54. Kf2 a5 55. Re8 Rc4 56. Rg8+ Kf5 57. Rf8+ Ke6 58. Rf6+ Ke7 59. Ra6 a4 60. Ke2 Kd7 61. Ra7+ Ke6 62. Ra6+ Kf5 63. Ra8 Rd3 64. Kf2 Kg4 65. Rg8+ Kh3 66. Rg5 a3 67. Rxh5+ Kg4 68. Rb5 axb2 69. Bxb2 Rc2+ 70. Ke1 Rxg3 71. Bd4 e3 72. Kd1 Rd2+ 0-1

[Event "25th Abu Dhabi Master 2018"]
[Site "Abu Dhabi"]
[Date "2018.08.12"]
[Round "6"]
[White "Puranik, Abhimanyu Sameer"]
[Black "Lupulescu, Constantin"]
[Result "1/2-1/2"]
[WhiteElo "2514"]
[BlackElo "2619"]
[Annotator "TA"]
[PlyCount "53"]
[EventDate "2018.08.05"]
[EventType "swiss"]
[EventCountry "UAE"]
[SourceTitle "playchess.com"]
[Source "ChessBase"]
[SourceQuality "1"]

1. e4 c5 2. Nc3 e6 3. Nf3 a6 4. d4 cxd4 5. Nxd4 Nc6 6. Be3 Nf6 7. Nxc6 bxc6 8. e5 Nd5 9. Nxd5 cxd5 10. Bd3 Qc7 11. Bd4 Bc5 12. Qg4 O-O 13. O-O a5 14. c4 Bb7 15. Rac1 Qb6 16. Bxc5 Qxc5 17. Rfd1 Rfc8 18. h4 h6 19. Qf4 Qe7 20. Rc3 f6 21. h5 fxe5 22. Qxe5 Rc5 23. cxd5 Bxd5 24. Be4 Rxc3 25. bxc3 Bxe4 26. Qxe4 Rf8 27. Qd4 1/2-1/2

[Event "25th Abu Dhabi Master 2018"]
[Site "Abu Dhabi"]
[Date "2018.08.12"]
[Round "6"]
[White "Saduakassova, Dinara"]
[Black "Karthikeyan, Murali"]
[Result "0-1"]
[WhiteElo "2495"]
[BlackElo "2609"]
[Annotator "TA"]
[PlyCount "118"]
[EventDate "2018.08.05"]
[EventType "swiss"]
[EventCountry "UAE"]
[SourceTitle "playchess.com"]
[Source "ChessBase"]
[SourceQuality "1"]

1. d4 Nf6 2. c4 g6 3. g3 Bg7 4. Bg2 O-O 5. Nc3 d6 6. Nf3 c5 7. O-O Nc6 8. dxc5 dxc5 9. Bf4 Nh5 10. Be3 b6 11. Qc1 Bb7 12. Rd1 Qc8 13. Bh6 Rd8 14. Nd5 Bh8 15. Bg5 Re8 16. Qd2 e6 17. Nc3 Nd4 18. Nxd4 cxd4 19. Ne4 Qd7 20. Qb4 Reb8 21. Qb5 Qc7 22. Rac1 a6 23. Qb3 f5 24. Nd2 Bxg2 25. Kxg2 Bg7 26. Nf3 h6 27. Bd2 Qc6 28. Be1 Kh7 29. a4 e5 30. Kg1 Rd8 31. c5 bxc5 32. Qf7 Qd5 33. Qxd5 Rxd5 34. Nd2 Rb8 35. Nc4 Nf6 36. Ba5 e4 37. f3 Rb3 38. Kf2 Rd7 39. Ne5 Rd5 40. Nc4 h5 41. h3 Bh6 42. Rc2 Nd7 43. Kg2 Ne5 44. fxe4 Nxc4 45. Rxc4 fxe4 46. Rb1 Be3 47. Be1 Bg5 48. h4 Bf6 49. Bf2 Kg7 50. Kf1 Be5 51. Kg2 Kf6 52. Rc2 Ke6 53. Rc4 Kf5 54. a5 Kg4 55. e3 Kf5 56. Bg1 Ke6 57. Kh3 Kd6 58. Kg2 d3 59. Rxe4 Rxb2+ 0-1

[Event "25th Abu Dhabi Master 2018"]
[Site "Abu Dhabi"]
[Date "2018.08.12"]
[Round "6"]
[White "Swapnil, S Dhopade"]
[Black "Aravindh, Chithambaram VR"]
[Result "0-1"]
[WhiteElo "2487"]
[BlackElo "2581"]
[Annotator "TA"]
[PlyCount "64"]
[EventDate "2018.08.05"]
[EventType "swiss"]
[EventCountry "UAE"]
[SourceTitle "playchess.com"]
[Source "ChessBase"]
[SourceQuality "1"]

1. d4 e6 2. c4 Bb4+ 3. Bd2 Bxd2+ 4. Qxd2 Nf6 5. Nc3 d5 6. e3 O-O 7. Nf3 b6 8. cxd5 exd5 9. Bd3 c5 10. b3 Bb7 11. O-O Nbd7 12. Rfd1 Qe7 13. Rac1 g6 14. Qe2 a6 15. h3 Rfe8 16. Qf1 Rec8 17. Qe2 Rc7 18. dxc5 bxc5 19. Na4 Rc6 20. Qb2 Re8 21. Bf1 Re6 22. Ne1 Bc6 23. Nc3 a5 24. Bb5 d4 25. exd4 Bxb5 26. Nxb5 Re2 27. Qa1 Rxf2 28. dxc5 Qe2 29. Kh2 Ne5 30. Nd4 Qe3 31. Qc3 Neg4+ 32. hxg4 Nxg4+ 0-1

[Event "25th Abu Dhabi Master 2018"]
[Site "Abu Dhabi"]
[Date "2018.08.12"]
[Round "6"]
[White "Harsha, Bharathakoti"]
[Black "Sammed Jaykumar, Shete"]
[Result "1-0"]
[WhiteElo "2454"]
[BlackElo "2314"]
[Annotator "TA"]
[PlyCount "103"]
[EventDate "2018.08.05"]
[EventType "swiss"]
[EventCountry "UAE"]
[SourceTitle "playchess.com"]
[Source "ChessBase"]
[SourceQuality "1"]

1. d4 Nf6 2. Nf3 g6 3. Nc3 d5 4. Bf4 Bg7 5. Nb5 Na6 6. e3 O-O 7. h3 c6 8. Nc3 Qb6 9. Rb1 Qa5 10. Qd2 b5 11. a3 b4 12. axb4 Nxb4 13. Bd3 c5 14. O-O c4 15. Be2 Bf5 16. Ra1 Qb6 17. Rfc1 h6 18. b3 cxb3 19. cxb3 Rfc8 20. Na4 Qb7 21. Nc5 Qb6 22. Ne5 g5 23. Bg3 Ne4 24. Nxe4 Bxe5 25. Bxe5 Bxe4 26. Rc3 Bf5 27. Rac1 Rxc3 28. Rxc3 a5 29. Rc5 Rc8 30. g4 Bd7 31. Rxc8+ Bxc8 32. Qc3 Bd7 33. Bc7 Qa7 34. Bf3 Bc6 35. Be5 Qb6 36. Kg2 Qb5 37. Bc7 Kf8 38. Qa1 a4 39. bxa4 Qxa4 40. Qb1 Kg8 41. Bd8 e5 42. Be7 Na6 43. Qb6 exd4 44. exd4 Kg7 45. Be2 Nc7 46. Qxc7 Qxd4 47. Qxc6 Qe4+ 48. Bf3 Qxe7 49. Qxd5 Qf6 50. Be4 h5 51. Qf5 Qh6 52. Bd5 1-0

[Event "25th Abu Dhabi Master 2018"]
[Site "Abu Dhabi"]
[Date "2018.08.12"]
[Round "6"]
[White "Laxman, R R"]
[Black "Padmini, Rout"]
[Result "1-0"]
[WhiteElo "2449"]
[BlackElo "2338"]
[Annotator "TA"]
[PlyCount "99"]
[EventDate "2018.08.05"]
[EventType "swiss"]
[EventCountry "UAE"]
[SourceTitle "playchess.com"]
[Source "ChessBase"]
[SourceQuality "1"]

1. d4 Nf6 2. c4 e6 3. Nf3 d5 4. g3 Be7 5. Bg2 O-O 6. Qc2 c5 7. O-O cxd4 8. Nxd4 e5 9. Nf5 d4 10. Nxe7+ Qxe7 11. b4 h6 12. Ba3 Na6 13. b5 Nc5 14. Nd2 Rb8 15. e3 dxe3 16. fxe3 b6 17. Nb3 Bb7 18. Bxb7 Rxb7 19. Bxc5 bxc5 20. Na5 Rc7 21. Qf5 Qd7 22. Qxd7 Nxd7 23. Nc6 Re8 24. a4 e4 25. Rf5 f6 26. Rd5 Nb6 27. Rxc5 a5 28. Rd1 Kh7 29. Rcd5 Nxc4 30. Rd7 Rcc8 31. Ra7 Ne5 32. Nxe5 Rxe5 33. Rd2 Rc1+ 34. Kg2 Re1 35. Rb2 Rc5 36. b6 Rec1 37. Rxa5 Rxa5 38. b7 Rxa4 39. b8=Q Rac4 40. g4 R1c2+ 41. Rxc2 Rxc2+ 42. Kg3 Rc5 43. Kf4 h5 44. h3 hxg4 45. hxg4 Rg5 46. Qd6 Kh6 47. Qe6 Re5 48. Qxe5 fxe5+ 49. Kf5 g6+ 50. Kf6 1-0